[Event "Zhukovsky Elo-B"]
[Site "Zhukovsky"]
[Date "2008.01.20"]
[Round "9"]
[White "Ibragimov, Alibek"]
[Black "Marchukov, Dmitry"]
[Result "1/2-1/2"]
[WhiteElo "2498"]
[BlackElo "2083"]
[PlyCount "78"]
[EventDate "2008.01.02"]
[EventType "tourn"]
[EventRounds "9"]
[EventCountry "RUS"]
[SourceTitle "EXT 2010"]
[Source "ChessBase"]
[SourceDate "2010.11.25"]
[SourceVersion "1"]
[SourceVersionDate "2010.11.25"]
[SourceQuality "1"]

1. e4 c5 2. Nf3 Nc6 3. d4 cxd4 4. Nxd4 Nf6 5. Nc3 d6 6. Bc4 e6 7. g4 Be7 8. g5 Nd7 9. Bxe6 Nde5 10. Bxc8 Nxd4 11. Bxb7 Nef3+ 12. Kf1 Qd7 13. Bc6 Qxc6 14. Be3 Qc4+ 15. Kg2 Nh4+ 16. Kg3 Ndf3 17. Qd5 Qxd5 18. Nxd5 Bd8 19. Bf4 h6 20. gxh6 gxh6 21. Bxd6 Rg8+ 22. Kh3 Ng5+ 23. Kxh4 Nxe4+ 24. Be7 Bxe7+ 25. Nxe7 Kxe7 26. Rhe1 f5 27. f3 Rg2 28. fxe4 Rxh2+ 29. Kg3 Rxc2 30. exf5+ Kf7 31. b4 Rg8+ 32. Kf3 Rcg2 33. b5 R8g4 34. Re6 R2g3+ 35. Ke2 h5 36. a4 h4 37. a5 Rb4 38. b6 Rb2+ 39. Kf1 Rf3+ 1/2-1/2

[Event "Asia Cities-ch 12th"]
[Site "Beirut"]
[Date "2000.03.24"]
[Round "8"]
[White "Sakr, Nassim"]
[Black "Ibragimov, Alibek"]
[Result "1/2-1/2"]
[WhiteElo "2197"]
[BlackElo "2441"]
[PlyCount "92"]
[EventDate "2000.03.19"]
[EventType "team-swiss"]
[EventRounds "9"]
[EventCountry "LBN"]
[SourceTitle "EXT 2020"]
[Source "ChessBase"]
[SourceDate "2019.10.17"]
[SourceVersion "1"]
[SourceVersionDate "2019.10.17"]
[SourceQuality "1"]
[WhiteTeam "Beirut"]
[BlackTeam "Pavlodar"]
[WhiteTeamCountry "LBN"]
[BlackTeamCountry "KAZ"]

1. e4 e5 2. Nf3 Nc6 3. Bc4 Bc5 4. d3 h6 5. a3 d6 6. 0-0 Nf6 7. Be3 Bb6 8. h3 0-0 9. Nbd2 Re8 10. Ba2 d5 11. Bxb6 axb6 12. Re1 dxe4 13. dxe4 Nh5 14. Nc4 Qf6 15. Ne3 Ne7 16. Nh2 Qg6 17. Qf3 Nf4 18. Nhg4 Nc6 19. Nxe5 Nxh3+ 20. Qxh3 Nxe5 21. Nf5 Be6 22. Bxe6 Rxe6 23. Re3 Ng4 24. Re2 Rae8 25. f3 Ne5 26. Rd1 Qf6 27. b3 b5 28. Red2 Qg5 29. Qg3 g6 30. Qxg5 hxg5 31. Nd4 Rb6 32. Ne2 Kf8 33. Kf2 Ke7 34. Nc3 c6 35. Rd6 Ra6 36. a4 bxa4 37. Nxa4 b5 38. Nc5 Ra2 39. R6d2 Rea8 40. Ke3 Ra1 41. Rxa1 Rxa1 42. Kd4 f6 43. Nd3 Nd7 44. Nc5 Ne5 45. Nd3 Nd7 46. Nc5 Ne5 1/2-1/2

[Event "Asia Cities-ch 12th"]
[Site "Beirut"]
[Date "2000.03.23"]
[Round "6"]
[White "Abbasifar, Hasan"]
[Black "Ibragimov, Alibek"]
[Result "0-1"]
[WhiteElo "2384"]
[BlackElo "2441"]
[PlyCount "83"]
[EventDate "2000.03.19"]
[EventType "team-swiss"]
[EventRounds "9"]
[EventCountry "LBN"]
[SourceTitle "EXT 2020"]
[Source "ChessBase"]
[SourceDate "2019.10.17"]
[SourceVersion "1"]
[SourceVersionDate "2019.10.17"]
[SourceQuality "1"]
[WhiteTeam "Gorgan"]
[BlackTeam "Pavlodar"]
[WhiteTeamCountry "IRI"]
[BlackTeamCountry "KAZ"]

1. d4 Nf6 2. f3 d5 3. e4 dxe4 4. Nc3 exf3 5. Nxf3 Bg4 6. h3 Bh5 7. g4 Bg6 8. Ne5 e6 9. Bg2 c6 10. 0-0 Nbd7 11. Nxg6 hxg6 12. Qf3 Qe7 13. Bf4 Nb6 14. Bg5 Qd8 15. Rad1 Be7 16. Ne4 Nbd7 17. Bc1 0-0 18. Ng5 Nh7 19. Ne4 Nhf6 20. Nf2 Qa5 21. a3 Rad8 22. h4 Bd6 23. g5 Nh5 24. Ne4 Bb8 25. Rd3 Qc7 26. Qh3 e5 27. c3 exd4 28. cxd4 Rfe8 29. Bd2 Nf8 30. Rdf3 Rxe4 31. Rxf7 Re7 32. Rxe7 Qxe7 33. Bb4 Qc7 34. Bxf8 Rxf8 35. Qe3 Rf7 36. Qe8+ Kh7 37. Rxf7 Qh2+ 38. Kf1 Bd6 39. Qe3 Qxh4 40. Rf3 Bf4 41. Qe6 Bg3 42. Bh3 0-1

[Event "RUS-chT (club)"]
[Site "Novokuznetsk"]
[Date "1999.??.??"]
[Round "?"]
[White "Denisov, Lev"]
[Black "Ibragimov, Alibek"]
[Result "1/2-1/2"]
[WhiteElo "2245"]
[BlackElo "2422"]
[PlyCount "116"]
[EventDate "1999.??.??"]
[EventType "team"]
[EventRounds "11"]
[EventCountry "RUS"]
[SourceTitle "EXT 2001"]
[Source "ChessBase"]
[SourceDate "2000.11.22"]
[SourceVersion "1"]
[SourceVersionDate "2000.11.22"]
[SourceQuality "1"]

1. e4 e5 2. Nf3 Nc6 3. Bb5 a6 4. Ba4 Nf6 5. d4 exd4 6. 0-0 Be7 7. Re1 b5 8. e5 Nxe5 9. Rxe5 d6 10. Re1 bxa4 11. Nxd4 Bd7 12. Qf3 0-0 13. Nc6 Bxc6 14. Qxc6 Re8 15. Nc3 a3 16. b3 Bf8 17. Bxa3 Qd7 18. Qxd7 Nxd7 19. Rad1 f6 20. f3 Kf7 21. Kf2 g6 22. Ne4 Ne5 23. Bb2 h6 24. Nxf6 Kxf6 25. f4 Kf5 26. fxe5 dxe5 27. Rd5 Bd6 28. c4 Rab8 29. Ke3 Ke6 30. Ra5 c5 31. Rxa6 Ra8 32. Rxa8 Rxa8 33. Ra1 e4 34. Kxe4 Bxh2 35. Bc3 Bd6 36. Rf1 Rxa2 37. Rf6+ Kd7 38. Rxg6 Ra3 39. Kd5 Be7 40. Rb6 Ra2 41. Rb7+ Ke8 42. g3 Kf7 43. Rb6 h5 44. Rh6 Ra3 45. Rb6 Ra2 46. Be5 Rd2+ 47. Ke4 Re2+ 48. Kf5 Rf2+ 49. Bf4 h4 50. gxh4 Bxh4 51. Ke4 Be7 52. Be3 Re2 53. Kd3 Rh2 54. Rb5 Rh3 55. Ke4 Ke6 56. Bf4 Rh1 57. Rb6+ Kd7 58. Rb7+ Ke6 1/2-1/2

[Event "RUS-chT (club)"]
[Site "Novokuznetsk"]
[Date "1999.??.??"]
[Round "?"]
[White "Ibragimov, Alibek"]
[Black "Bachin, Vitaly"]
[Result "1/2-1/2"]
[WhiteElo "2422"]
[BlackElo "2295"]
[PlyCount "93"]
[EventDate "1999.??.??"]
[EventType "team"]
[EventRounds "11"]
[EventCountry "RUS"]
[SourceTitle "EXT 2001"]
[Source "ChessBase"]
[SourceDate "2000.11.22"]
[SourceVersion "1"]
[SourceVersionDate "2000.11.22"]
[SourceQuality "1"]

1. e4 c5 2. Nf3 e6 3. d4 cxd4 4. Nxd4 Nf6 5. Nc3 Nc6 6. Ndb5 d6 7. Bf4 e5 8. Bg5 a6 9. Na3 Be6 10. Nc4 Rc8 11. Ne3 Be7 12. Bxf6 Bxf6 13. Ncd5 Bg5 14. c3 0-0 15. g3 Ne7 16. Bg2 Rc5 17. 0-0 Bxd5 18. Nxd5 Nxd5 19. exd5 f5 20. f4 exf4 21. gxf4 Bh4 22. Kh1 Rc7 23. Qc2 g6 24. Bf3 Re7 25. Rad1 Rfe8 26. Qb3 Qc7 27. Qb4 Re3 28. Qd4 Qd8 29. Qd2 Qe7 30. c4 Be1 31. Qg2 Qc7 32. b3 Bb4 33. Qb2 b6 34. a3 Be1 35. Qc2 a5 36. Rd3 Qc5 37. Rxe3 Rxe3 38. Qc1 Bc3 39. Bg2 Qd4 40. Qc2 Kf7 41. Qf2 Qd3 42. Qh4 Kg7 43. Qd8 Re2 44. Qxd6 Qc2 45. Qd7+ Kh6 46. Qd8 Rxg2 47. Qh4+ 1/2-1/2

[Event "RUS-Cup4"]
[Site "Perm"]
[Date "1997.02.15"]
[Round "8"]
[White "Ibragimov, Alibek"]
[Black "Nikolaidis, Ioannis"]
[Result "1-0"]
[WhiteElo "2415"]
[BlackElo "2565"]
[PlyCount "75"]
[EventDate "1997.02.02"]
[EventType "swiss"]
[EventRounds "9"]
[EventCountry "RUS"]
[SourceTitle "CBM 058"]
[Source "ChessBase"]
[SourceDate "1997.06.01"]
[SourceVersion "1"]
[SourceVersionDate "1997.06.01"]
[SourceQuality "1"]

1. e4 c5 2. Nf3 Nc6 3. d4 cxd4 4. Nxd4 Nf6 5. Nc3 d6 6. Be2 e5 7. Nf3 Be7 8. 0-0 h6 9. b3 0-0 10. Bb2 Be6 11. Re1 Rc8 12. h3 Qa5 13. a3 a6 14. Bf1 Rfd8 15. b4 Qb6 16. Nd5 Qa7 17. c4 Ne8 18. Qd2 Bf8 19. Rad1 Ne7 20. a4 Nxd5 21. exd5 Bd7 22. a5 Nf6 23. Ra1 Re8 24. g4 b5 25. axb6 Qxb6 26. Bc3 Ra8 27. Ra5 Qb7 28. Qa2 Qc8 29. Re3 Be7 30. c5 dxc5 31. Bxa6 Qc7 32. Bxe5 Qb6 33. Bc4 Rab8 34. Bxb8 Qxb8 35. Rxe7 Qf4 36. Rxe8+ Bxe8 37. Qe2 Bd7 38. Ne5 1-0

[Event "RUS-Cup4"]
[Site "Perm"]
[Date "1997.02.11"]
[Round "4"]
[White "Ibragimov, Alibek"]
[Black "Chiburdanidze, Maia"]
[Result "0-1"]
[WhiteElo "2415"]
[BlackElo "2535"]
[PlyCount "46"]
[EventDate "1997.02.02"]
[EventType "swiss"]
[EventRounds "9"]
[EventCountry "RUS"]
[SourceTitle "CBM 058"]
[Source "ChessBase"]
[SourceDate "1997.06.01"]
[SourceVersion "1"]
[SourceVersionDate "1997.06.01"]
[SourceQuality "1"]

1. e4 c5 2. Nf3 d6 3. d4 cxd4 4. Nxd4 Nf6 5. Nc3 Nc6 6. Be2 e5 7. Nf3 h6 8. 0-0 Be7 9. b3 0-0 10. Bb2 a6 11. Re1 b5 12. Bf1 Bg4 13. h3 Bh5 14. Nd5 Nxd5 15. Qxd5 Bxf3 16. Qxc6 Rc8 17. Qxa6 Rxc2 18. gxf3 Bh4 19. Be2 Rxb2 20. Qxb5 Qg5+ 21. Kf1 Qf4 22. Kg2 Rc8 23. Rad1 Rc3 0-1

[Event "Seversk"]
[Site "Seversk"]
[Date "1997.??.??"]
[Round "9"]
[White "Ibragimov, Alibek"]
[Black "Komliakov, Viktor"]
[Result "0-1"]
[WhiteElo "2250"]
[BlackElo "2460"]
[PlyCount "124"]
[EventDate "1997.??.??"]
[EventType "tourn"]
[EventRounds "13"]
[EventCountry "RUS"]
[EventCategory "8"]
[SourceTitle "EXT 2000"]
[Source "ChessBase"]
[SourceDate "1999.11.16"]
[SourceVersion "1"]
[SourceVersionDate "1999.11.16"]
[SourceQuality "1"]

1. e4 d6 2. d4 Nf6 3. Nc3 e5 4. Nf3 Nbd7 5. Bc4 Be7 6. 0-0 c6 7. a4 a5 8. Re1 h6 9. b3 0-0 10. Ba3 Re8 11. Qd2 Nb6 12. Bf1 Bg4 13. dxe5 dxe5 14. Qe3 Bxa3 15. Rxa3 Nfd7 16. h3 Bxf3 17. Qxf3 Nc5 18. Raa1 Ne6 19. Ne2 Qe7 20. Qe3 Qc5 21. Qxc5 Nxc5 22. Ng3 g6 23. Red1 Rad8 24. Be2 h5 25. h4 Ne6 26. c3 Kf8 27. Rxd8 Rxd8 28. Rd1 Ra8 29. f3 Ke7 30. Kf2 Nc5 31. Nf1 Nc8 32. Rb1 Nd6 33. Ne3 Rd8 34. Bd1 b5 35. Bc2 bxa4 36. bxa4 Kd7 37. Ke2 Kc7 38. g3 Rf8 39. g4 hxg4 40. Nxg4 f6 41. Ne3 Rh8 42. Rg1 Ne6 43. Kd2 Nf4 44. Rg4 Kb6 45. Kc1 Kc5 46. Ng2 f5 47. Rg5 Nxg2 48. Rxg2 Rxh4 49. Rxg6 fxe4 50. fxe4 Nxe4 51. Re6 Nxc3 52. Rxe5+ Kb6 53. Re6 Rd4 54. Bg6 Rxa4 55. Be8 Rc4 56. Kb2 Nb5 57. Rh6 a4 58. Bd7 a3+ 59. Ka2 Rc2+ 60. Kb1 Nd4 61. Be6 Rb2+ 62. Kc1 Re2 0-1

[Event "RUS-Cup3"]
[Site "Omsk"]
[Date "1996.??.??"]
[Round "7"]
[White "Ibragimov, Alibek"]
[Black "Makarov, Marat"]
[Result "0-1"]
[WhiteElo "2250"]
[BlackElo "2560"]
[PlyCount "98"]
[EventDate "1996.12.13"]
[EventType "swiss"]
[EventRounds "9"]
[EventCountry "RUS"]
[SourceTitle "CBM 057"]
[Source "ChessBase"]
[SourceDate "1997.04.01"]
[SourceVersion "1"]
[SourceVersionDate "1997.04.01"]
[SourceQuality "1"]

1. e4 c5 2. Nf3 Nc6 3. d4 cxd4 4. Nxd4 Nf6 5. Nc3 d6 6. Be2 Nxd4 7. Qxd4 g6 8. Bg5 Bg7 9. 0-0 0-0 10. Rad1 Be6 11. Qb4 Qc7 12. Bd3 Rfc8 13. Nb5 Qb8 14. Nd4 Bd7 15. c4 h6 16. Bh4 a5 17. Qd2 Qa7 18. Nf3 Bg4 19. Kh1 Qc5 20. Bg3 Nd7 21. Be2 Qb4 22. e5 dxe5 23. Nxe5 Qxd2 24. Rxd2 Bxe2 25. Rxe2 Bxe5 26. Bxe5 Rxc4 27. b3 Rc6 28. Bf4 e6 29. Bxh6 Nf6 30. h3 Rac8 31. Be3 Nd5 32. Bd4 f6 33. Kh2 Kf7 34. a3 e5 35. Ba1 Rc2 36. Rxc2 Rxc2 37. Rd1 Ke6 38. Kg3 b5 39. Re1 Ra2 40. a4 bxa4 41. bxa4 Ra3+ 42. Kh2 Rxa4 43. g4 g5 44. Bb2 Ra2 45. Rb1 a4 46. Kg3 a3 47. Bc1 Rc2 48. Ra1 a2 49. Kf3 Nb4 0-1

[Event "RUS-Cup3"]
[Site "Omsk"]
[Date "1996.??.??"]
[Round "5"]
[White "Ibragimov, Alibek"]
[Black "Varavin, Viktor"]
[Result "1/2-1/2"]
[WhiteElo "2250"]
[BlackElo "2520"]
[PlyCount "25"]
[EventDate "1996.12.13"]
[EventType "swiss"]
[EventRounds "9"]
[EventCountry "RUS"]
[SourceTitle "CBM 057"]
[Source "ChessBase"]
[SourceDate "1997.04.01"]
[SourceVersion "1"]
[SourceVersionDate "1997.04.01"]
[SourceQuality "1"]

1. e4 c5 2. Nf3 e6 3. d4 cxd4 4. Nxd4 Nc6 5. Nc3 Qc7 6. Be2 a6 7. 0-0 Nf6 8. Be3 Bb4 9. Nxc6 bxc6 10. Qd4 c5 11. Qc4 Bb7 12. Bf3 Qe5 13. Na4 1/2-1/2